Le droit à la paresse / (Record no. 168817)

MARC details
000 -LEADER
campo de control de longitud fija 00764nam a22002295i 4500
001 - NÚMERO DE CONTROL
campo de control 168817
003 - IDENTIFICADOR DE NÚMERO DE CONTROL
campo de control ES-MaACL
005 - FECHA Y HORA DE LA ÚLTIMA TRANSACCIÓN
campo de control 20230906213911.0
008 - DATOS DE LONGITUD FIJA--INFORMACIÓN GENERAL
campo de control de longitud fija 080612s1970 fr |||| | fre d
080 ## - NÚMERO DE LA CLASIFICACIÓN DECIMAL UNIVERSAL
Número de la Clasificación Decimal Universal 330.85(04)
080 ## - NÚMERO DE LA CLASIFICACIÓN DECIMAL UNIVERSAL
Número de la Clasificación Decimal Universal 821.133.1-91"18"
100 1# - ENTRADA PRINCIPAL--NOMBRE DE PERSONA
Nombre de persona Lafargue, Paul.
9 (RLIN) 69469
245 13 - MENCIÓN DEL TÍTULO
Título Le droit à la paresse /
Mención de responsabilidad, etc. Paul Lafargue ; présentation nouvelle de Maurice Dommanget.
260 ## - PUBLICACIÓN, DISTRIBUCIÓN, ETC.
Lugar de publicación, distribución, etc. Paris :
Nombre del editor, distribuidor, etc. François Maspero,
Fecha de publicación, distribución, etc. 1970.
300 ## - DESCRIPCIÓN FÍSICA
Extensión 153 p. ;
Dimensiones 18 cm.
490 1# - MENCIÓN DE SERIE
Mención de serie Petite collection maspero ;
Designación de volumen o secuencia 50
650 14 - PUNTO DE ACCESO ADICIONAL DE MATERIA--TÉRMINO DE MATERIA
Término de materia o nombre geográfico como elemento de entrada Marxismo.
9 (RLIN) 14803
700 1# - ENTRADA AGREGADA--NOMBRE PERSONAL
Nombre de persona Dommanget, Maurice.
9 (RLIN) 45264
830 0# - PUNTO DE ACCESO ADICIONAL DE SERIE-TÍTULO UNIFORME
Título uniforme Petite collection maspero ;
Designación de volumen o secuencia 50
9 (RLIN) 179674
852 ## - LOCALIZACIÓN
Ubicación ES-MaACL
Número de control de estantería E-12190
itemnumber R.190420
Nota libre .- Biblioteca Jacinto Martínez Lacalle
Holdings
Estatus retirado Estado de pérdida Estado de daño No para préstamo Biblioteca de origen Biblioteca actual Ubicación en estantería Fecha de adquisición Fuente de adquisición Total de préstamos Signatura topográfica completa Código de barras Visto por última vez Precio de reemplazo Tipo de ítem Koha
        Biblioteca del Ateneo de Madrid Biblioteca del Ateneo de Madrid Depósito 2 12/06/2008     E-12190 1177160 23/02/2023 23/02/2023 Libro impreso